[Event "TUN-ch sf"]
[Site "Monastir"]
[Date "2024.03.25"]
[Round "7"]
[White "Taieb, Sahbi"]
[Black "Skhiri, Youssef"]
[Result "1-0"]
[WhiteElo "2090"]
[BlackElo "1516"]
[PlyCount "43"]
[EventDate "2024.03.21"]
[EventType "swiss"]
[EventRounds "9"]
[EventCountry "TUN"]
[SourceTitle "CB15_2024"]
[SourceDate "2024.04.10"]
[SourceVersion "1"]
[SourceVersionDate "2024.04.10"]
[SourceQuality "1"]

1. d4 Nf6 2. Nf3 g6 3. g3 Bg7 4. Bg2 0-0 5. 0-0 d6 6. c4 c5 7. d5 Nbd7 8. Nc3 Ng4 9. h3 Nge5 10. Nd2 Qa5 11. f4 Nb6 12. fxe5 Bxe5 13. Kh2 Bxc3 14. bxc3 Qxc3 15. Rb1 Nxc4 16. Rb3 Qd4 17. Rd3 Nb2 18. Rxd4 Nxd1 19. Rd3 Bf5 20. e4 Bd7 21. Rxd1 Ba4 22. Re1 1-0